000 00730cab a2200253 4500
001 X2352
008 090401t1995 xxu||||| |||| 00| 0 eng d
035 _a(Sirsi) u23566
041 _aeng
100 _aDu Croz, W.
245 _aHabitats and Species Directive : guidance on recent law governing our countryside
260 _c1995
350 _a0
490 _aCSM (Chartered Surveyor Monthly)
_v4(7) May 1995, 49-50(2)
650 _aEC DIRECTIVE
650 _aHABITATS AND SPECIES DIRECTIVE
650 _aINFORMATION PAPER
650 _aPLANNING PERMISSIONS
650 _aSPECIAL PROTECTION AREA
650 _aSITES OF SPECIAL SCIENTIFIC INTEREST
690 _aCONSERVATION
942 _n0
948 _c04/03/1997
999 _c15757
_d15757